000 00265nam a2200097Ia 4500
001 643369
005 20250826153544.0
008 250824s9999 xx 000 0 und d
245 0 _aMEŞHUR OLAN FAKİR ÇOCUKLAR YENİ
_cRECEP ŞÜKRÜ APUHAN
260 _bGENÇ TİMAŞ
999 _c643369
_d643369